00555nam a2200157Ia 4500003000900000008004100009020001800050040001600068080001500084100001900099245017400118260003900292300001300331650004100344650001200385IN-BaIIA211028s9999 xx 000 0 eng d a0-471-02997-1 cIIA Library a530.1bDIR aDirac, P. A. M 0aDirections in physicsblectures delivered during a visit to Australia and Newzeland August/ Sept.ember 1975cP. A. M. Dirac  aNew YorkbWiley-Intersciencec1978 aix, 95p. aAstronomy and astrophysics thesaurus aPhysics